000 00645nam a22002417a 4500
001 91218
003 UA-OsUOA
005 20201130194216.0
007 ta
008 20121126b un ||||| |||| 00| 0 ukr d
020 _a5-7720-0246-5
040 _aUA-OsUOA
_bukr
_cUA-OsUOA
_dUA-OsUOA
041 _aukr
080 _a821.161.2
090 _a821.161.2
_bС41
100 _aСичевський В.
245 _aЧорний лабіринт
_bроман
_nкн. 2
260 _aК.
_bМолодь
_c1991
300 _a288 с.
650 7 _a82 Література. Літературознавство
_2UDC
942 _cBK
_2udc
955 _a3
999 _c377491
_d377491